[Event "Ulster Championships 2025"]
[Site "Lisburn Chess Club, United Kingdom"]
[Date "2025.08.24"]
[Round "4.4"]
[White "Dolan, Peter"]
[Black "Haoena, Austin Gu"]
[Result "1-0"]
[WhiteElo "1586"]
[BlackElo "1408"]
[TimeControl "90' + 30\""]
[ePGN "0.1;DGT LiveChess/2.2.7"]
[WhiteFideId "2413612"]
[BlackFideId "2529327"]

1. d4 { [%clk 01:30:58] } { [%emt 00:00:14] } 1... Nf6 { [%clk 01:30:53] }
2. c4 { [%clk 01:31:22] } { [%emt 00:00:06] } 2... e6 { [%clk 01:31:14] } {
[%emt 00:00:06] } 3. Nf3 { [%clk 01:31:44] } { [%emt 00:00:25] } 3... d5 {
[%clk 01:31:30] } 4. cxd5 { [%clk 01:31:39] } { [%emt 00:00:56] } 4... exd5
{ [%clk 01:31:53] } { [%emt 00:00:08] } 5. Nc3 { [%clk 01:31:48] } 5... Bb4
{ [%clk 01:32:06] } { [%emt 00:00:14] } 6. Bg5 { [%clk 01:31:55] } { [%emt
00:00:21] } 6... h6 { [%clk 01:32:05] } { [%emt 00:00:45] } 7. Bf4 { [%clk
01:30:56] } { [%emt 00:01:58] } 7... Nc6 { [%clk 01:31:55] } { [%emt
00:00:20] } 8. h3 { [%clk 01:30:08] } { [%emt 00:00:56] } 8... Be6 { [%clk
01:32:03] } { [%emt 00:00:20] } 9. e3 { [%clk 01:29:44] } { [%emt 00:01:21]
} 9... Ne4 { [%clk 01:32:09] } { [%emt 00:00:18] } 10. Qc2 { [%clk
01:29:14] } { [%emt 00:00:41] } 10... Qd7 { [%clk 01:32:06] } { [%emt
00:00:32] } 11. Bd3 { [%clk 01:27:03] } { [%emt 00:02:43] } 11... Nf6 {
[%clk 01:31:56] } { [%emt 00:00:37] } 12. Ne5 { [%clk 01:26:09] } { [%emt
00:01:25] } 12... Nxe5 { [%clk 01:31:34] } { [%emt 00:00:51] } 13. Bxe5 {
[%clk 01:24:20] } { [%emt 00:02:19] } 13... Be7 { [%clk 01:31:44] } { [%emt
00:00:39] } 14. Nb5 { [%clk 01:22:37] } { [%emt 00:01:54] } 14... O-O {
[%clk 01:31:04] } { [%emt 00:01:09] } 15. Nxc7 { [%clk 01:17:58] } { [%emt
00:05:18] } 15... Rac8 { [%clk 01:30:57] } { [%emt 00:01:22] } 16. Bb5 {
[%clk 01:18:24] } 16... Qd8 { [%clk 01:30:42] } 17. Nxe6 { [%clk 01:18:42]
} { [%emt 00:00:11] } 17... fxe6 { [%clk 01:29:57] } { [%emt 00:00:33] }
18. Qa4 { [%clk 01:09:16] } { [%emt 00:11:04] } 18... a6 { [%clk 01:29:58]
} { [%emt 00:00:08] } 19. Bd3 { [%clk 01:06:51] } { [%emt 00:04:10] } 19...
Ne4 { [%clk 01:29:46] } 20. Bxe4 { [%clk 01:05:06] } { [%emt 00:01:35] }
20... dxe4 { [%clk 01:29:55] } { [%emt 00:00:18] } 21. O-O { [%clk
01:05:11] } { [%emt 00:01:19] } 21... Bd6 { [%clk 01:29:20] } { [%emt
00:00:19] } 22. Bxd6 { [%clk 00:59:14] } { [%emt 00:06:19] } 22... Qxd6 {
[%clk 01:29:40] } { [%emt 00:00:16] } 23. Rac1 { [%clk 00:59:22] } { [%emt
00:00:16] } 23... Rcd8 { [%clk 01:29:06] } { [%emt 00:01:03] } 24. Rc2 {
[%clk 00:56:20] } { [%emt 00:03:32] } 24... Qd5 { [%clk 01:28:07] } { [%emt
00:01:28] } 25. Rc5 { [%clk 00:56:09] } { [%emt 00:00:42] } 25... Qd6 {
[%clk 01:26:39] } { [%emt 00:02:20] } 26. Rfc1 { [%clk 00:55:52] } { [%emt
00:00:31] } 26... Qe7 { [%clk 01:26:20] } { [%emt 00:01:17] } 27. Rc7 {
[%clk 00:51:16] } { [%emt 00:04:33] } 27... Qf6 { [%clk 01:25:58] } { [%emt
00:00:51] } 28. Qc2 { [%clk 00:51:34] } { [%emt 00:00:14] } 28... Qg6 {
[%clk 01:25:56] } { [%emt 00:00:30] } 29. Rxb7 { [%clk 00:50:17] } { [%emt
00:01:47] } 29... Rd5 { [%clk 01:26:01] } { [%emt 00:00:49] } 30. Qe2 {
[%clk 00:44:32] } { [%emt 00:05:55] } 30... Rg5 { [%clk 01:25:48] } { [%emt
00:00:40] } 31. g4 { [%clk 00:44:51] } { [%emt 00:00:19] } 31... h5 { [%clk
01:26:08] } { [%emt 00:00:11] } 32. Rcc7 { [%clk 00:45:14] } { [%emt
00:00:10] } 32... Qf6 { [%clk 01:23:58] } { [%emt 00:04:04] } 33. Rc5 {
[%clk 00:42:56] } { [%emt 00:01:11] } 33... hxg4 { [%clk 01:22:26] } {
[%emt 00:02:04] } 34. Rxg5 { [%clk 00:42:56] } { [%emt 00:00:30] } 34...
Qxg5 { [%clk 01:22:46] } { [%emt 00:00:20] } 35. Qxg4 { [%clk 00:43:03] } {
[%emt 00:00:09] } 35... Qf6 { [%clk 01:21:43] } { [%emt 00:01:49] } 36. Qg3
{ [%clk 00:39:08] } { [%emt 00:04:10] } 36... Qh6 { [%clk 01:21:35] } {
[%emt 00:00:38] } 37. Rb8 { [%clk 00:38:51] } { [%emt 00:01:00] } 37...
Rxb8 { [%clk 01:20:49] } { [%emt 00:01:05] } 38. Qxb8+ { [%clk 00:39:14] }
{ [%emt 00:00:40] } 38... Kh7 { [%clk 01:21:12] } 39. Qe5 { [%clk 00:36:55]
} { [%emt 00:02:22] } 39... Qxh3 { [%clk 01:19:49] } { [%emt 00:02:00] }
40. Qh2 { [%clk 00:36:22] } { [%emt 00:00:56] } 40... Qxh2+ { [%clk
01:20:02] } { [%emt 00:00:30] } 41. Kxh2 { [%clk 00:36:47] } 41... Kg6 {
[%clk 01:20:27] } { [%emt 00:00:27] } 42. Kg3 { [%clk 00:37:02] } 42... Kg5
{ [%clk 01:20:48] } 43. b4 { [%clk 00:37:19] } { [%emt 00:00:09] } 43...
Kf6 { [%clk 01:21:09] } { [%emt 00:00:16] } 44. Kf4 { [%clk 00:37:39] } {
[%emt 00:00:15] } 1-0

[Event "Ulster Championships 2025"]
[Site "Lisburn Chess Club, United Kingdom"]
[Date "2025.08.24"]
[Round "4.5"]
[White "Hill, Daniel"]
[Black "Campbell, Peter"]
[Result "0-1"]
[WhiteElo "1577"]
[BlackElo "1614"]
[TimeControl "90' + 30\""]
[ePGN "0.1;DGT LiveChess/2.2.7"]
[WhiteFideId "2517744"]
[BlackFideId "2518406"]

1. e4 { [%clk 01:30:57] } 1... e6 { [%clk 01:30:50] } 2. d4 { [%clk
01:31:17] } 2... d5 { [%clk 01:31:12] } 3. e5 { [%clk 01:30:09] } { [%emt
00:01:27] } 3... c5 { [%clk 01:31:33] } { [%emt 00:00:30] } 4. c3 { [%clk
01:29:54] } { [%emt 00:00:55] } 4... Nc6 { [%clk 01:31:53] } 5. Nf3 { [%clk
01:30:06] } 5... Bd7 { [%clk 01:32:15] } 6. Qb3 { [%clk 01:28:28] } { [%emt
00:02:13] } 6... Qc7 { [%clk 01:31:34] } { [%emt 00:01:12] } 7. Bb5 { [%clk
01:27:01] } { [%emt 00:02:01] } 7... cxd4 { [%clk 01:31:13] } { [%emt
00:00:38] } 8. Bxc6 { [%clk 01:22:44] } { [%emt 02:52:13] } 8... Bxc6 {
[%clk 01:27:25] } 9. cxd4 { [%clk 01:22:04] } 9... a6 { [%clk 01:26:22] }
10. Nc3 { [%clk 01:19:36] } 10... Ne7 { [%clk 01:24:53] } 11. O-O { [%clk
01:18:08] } 11... Nf5 { [%clk 01:24:37] } 12. Bg5 { [%clk 01:13:37] } 12...
h6 { [%clk 01:17:59] } 13. Bd2 { [%clk 01:08:28] } 13... Be7 { [%clk
01:17:21] } 14. Rac1 { [%clk 01:08:19] } 14... Qd7 { [%clk 01:16:41] } 15.
Rfe1 { [%clk 01:01:14] } 15... g5 { [%clk 01:16:03] } 16. Be3 { [%clk
00:58:58] } 16... g4 { [%clk 01:12:48] } 17. Nd2 { [%clk 00:58:56] } 17...
Bg5 { [%clk 01:12:02] } 18. Bxg5 { [%clk 00:55:40] } 18... hxg5 { [%clk
01:12:00] } 19. Qd1 { [%clk 00:55:15] } 19... g3 { [%clk 01:09:55] } 20.
fxg3 { [%clk 00:54:42] } 20... Qe7 { [%clk 00:58:53] } 21. Qg4 { [%clk
00:51:00] } 21... Kd7 { [%clk 00:54:12] } 22. Rf1 { [%clk 00:47:31] } 22...
Ne3 { [%clk 00:53:59] } 23. Qf3 { [%clk 00:46:55] } 23... Nxf1 { [%clk
00:54:07] } 24. Rxf1 { [%clk 00:47:18] } { [%emt 00:20:03] } 24... Raf8 {
[%clk 00:53:49] } 25. Qg4 Rhg8 { [%clk 00:53:11] } 26. Rf6 { [%clk
00:45:09] } 26... Qb4 { [%clk 00:51:37] } 27. Nb3 { [%clk 00:45:09] } 27...
b6 { [%clk 00:51:07] } 28. Qh5 { [%clk 00:41:56] } 28... Qe7 { [%clk
00:48:14] } 29. Qh7 { [%clk 00:40:59] } 29... a5 { [%clk 00:45:26] } 30. a4
{ [%clk 00:40:00] } 30... Ke8 { [%clk 00:44:03] } 31. Qd3 { [%clk 00:36:19]
} 31... Rg6 { [%clk 00:32:50] } 32. Qa6 { [%clk 00:25:53] } 32... Qb7 {
[%clk 00:27:46] } 33. Qf1 { [%clk 00:24:19] } 33... Rxf6 { [%clk 00:27:16]
} 34. Qxf6 { [%clk 00:24:18] } 34... Rg8 { [%clk 00:27:13] } 35. Qf1 {
[%clk 00:23:10] } 35... g4 { [%clk 00:27:14] } 36. Nb5 { [%clk 00:22:35] }
36... Bxb5 { [%clk 00:27:01] } 37. Qxb5+ { [%clk 00:22:48] } 37... Ke7 {
[%clk 00:25:30] } 38. Nxa5 { [%clk 00:22:19] } 38... Qc7 { [%clk 00:24:15]
} 39. Nc6+ { [%clk 00:21:02] } 39... Kf8 { [%clk 00:24:06] } 40. Qb4+ {
[%clk 00:20:45] } 40... Kg7 { [%clk 00:23:40] } 41. Qd6 { [%clk 00:10:58] }
41... Rc8 { [%clk 00:22:34] } 42. Qxc7 { [%clk 00:08:38] } 42... Rxc7 {
[%clk 00:22:56] } 43. Nb4 { [%clk 00:08:35] } 43... Rc4 { [%clk 00:23:18] }
44. Nd3 { [%clk 00:08:39] } 44... Rxd4 { [%clk 00:23:29] } 0-1

[Event "Ulster Championships 2025"]
[Site "Lisburn Chess Club, United Kingdom"]
[Date "2025.08.24"]
[Round "4.6"]
[White "Kimg, Daniel"]
[Black "Armstrong, Chris"]
[Result "1-0"]
[WhiteElo "1616"]
[BlackElo "1664"]
[TimeControl "90' + 30\""]
[ePGN "0.1;DGT LiveChess/2.2.7"]
[WhiteFideId "2536544"]
[BlackFideId "2510340"]

1. e4 { [%clk 01:30:57] } 1... c6 { [%clk 01:30:59] } 2. d4 { [%clk
01:31:19] } { [%emt 00:00:44] } 2... d5 { [%clk 01:31:21] } 3. e5 { [%clk
01:31:46] } 3... c5 { [%clk 01:31:25] } { [%emt 00:00:05] } 4. dxc5 { [%clk
01:32:10] } { [%emt 00:00:04] } 4... Nc6 { [%clk 01:31:45] } { [%emt
00:00:09] } 5. f4 { [%clk 01:32:26] } { [%emt 00:00:15] } 5... e6 { [%clk
01:31:49] } { [%emt 00:00:40] } 6. Be3 { [%clk 01:32:36] } { [%emt
00:00:04] } 6... d4 { [%clk 01:31:16] } { [%emt 00:02:09] } 7. Bf2 { [%clk
01:32:44] } 7... Bxc5 { [%clk 01:31:11] } 8. Nf3 { [%clk 01:29:35] } {
[%emt 00:03:23] } 8... Qa5+ { [%clk 01:30:36] } { [%emt 00:01:22] } 9. Nbd2
{ [%clk 01:28:13] } { [%emt 00:01:32] } 9... Nge7 { [%clk 01:30:34] } {
[%emt 00:00:32] } 10. a3 { [%clk 01:27:48] } { [%emt 00:00:55] } 10... Qd8
{ [%clk 01:30:32] } { [%emt 00:00:33] } 11. b4 { [%clk 01:24:39] } { [%emt
00:04:01] } 11... Bb6 { [%clk 01:29:39] } { [%emt 00:40:45] } 12. Nb3 {
[%clk 01:23:48] } 12... Nf5 { [%clk 01:29:18] } 13. b5 { [%clk 01:21:40] }
13... Nce7 { [%clk 01:26:30] } 14. Nfxd4 { [%clk 01:16:06] } 14... Nxd4 {
[%clk 01:26:02] } 15. Bxd4 { [%clk 01:16:19] } 15... Nf5 { [%clk 01:25:50]
} 16. Bxb6 { [%clk 01:12:43] } 16... Qxb6 { [%clk 01:26:00] } 17. Qd2 {
[%clk 01:00:54] } 17... Ne3 { [%clk 01:23:14] } 18. Nd4 { [%clk 00:57:16] }
{ [%emt 00:00:34] } 18... Nxf1 { [%clk 01:23:18] } { [%emt 00:00:25] } 19.
Rxf1 { [%clk 00:57:18] } { [%emt 00:00:27] } 19... Bd7 { [%clk 01:22:55] }
{ [%emt 00:00:55] } 20. Qb4 { [%clk 00:51:24] } { [%emt 00:06:29] } 20...
Rc8 { [%clk 01:22:21] } { [%emt 00:01:53] } 21. Qd6 { [%clk 00:48:08] } {
[%emt 00:03:13] } 21... Qxd6 { [%clk 01:21:28] } { [%emt 00:01:35] } 22.
exd6 { [%clk 00:48:34] } 22... Rc4 { [%clk 01:20:09] } { [%emt 00:01:47] }
23. O-O-O { [%clk 00:47:31] } { [%emt 00:01:05] } 23... O-O { [%clk
01:20:15] } { [%emt 00:03:54] } 24. Rf2 { [%clk 00:41:04] } { [%emt
00:03:49] } 24... Rfc8 { [%clk 01:19:54] } { [%emt 00:00:30] } 25. Rfd2 {
[%clk 00:39:44] } { [%emt 00:01:56] } 25... g6 { [%clk 01:18:35] } { [%emt
00:01:48] } 26. g3 { [%clk 00:38:23] } { [%emt 00:01:47] } 26... Kg7 {
[%clk 01:16:11] } { [%emt 00:03:18] } 27. Re1 { [%clk 00:32:51] } { [%emt
00:05:40] } 27... R4c5 { [%clk 01:14:41] } { [%emt 00:02:06] } 28. Re5 {
[%clk 00:31:29] } { [%emt 00:01:41] } 28... Rxe5 { [%clk 01:13:08] } {
[%emt 00:04:21] } 29. fxe5 { [%clk 00:31:56] } 29... Rc5 { [%clk 01:13:00]
} 30. Re2 { [%clk 00:29:18] } { [%emt 00:01:50] } 30... Kf8 { [%clk
01:12:19] } { [%emt 00:07:52] } 31. a4 { [%clk 00:28:32] } 31... Ke8 {
[%clk 01:12:12] } 32. Rd2 { [%clk 00:24:20] } 32... Rxe5 { [%clk 01:10:04]
} { [%emt 00:07:16] } 33. c4 { [%clk 00:22:44] } 33... Rc5 { [%clk
01:07:53] } 34. Rc2 { [%clk 00:22:46] } { [%emt 00:00:13] } 34... e5 {
[%clk 01:07:31] } { [%emt 00:38:41] } 35. Nb3 { [%clk 00:22:58] } 35... Rc8
{ [%clk 01:07:15] } 36. c5 { [%clk 00:22:41] } 36... Kd8 { [%clk 01:05:45]
} 37. Na5 { [%clk 00:20:46] } 37... Bf5 { [%clk 00:58:11] } 38. Nxb7+ {
[%clk 00:19:37] } 38... Kd7 { [%clk 00:58:12] } 39. c6+ { [%clk 00:19:15] }
{ [%emt 00:00:21] } 39... Ke8 { [%clk 00:57:22] } 40. Rd2 { [%clk 00:16:48]
} 1-0

[Event "Ulster Championships 2025"]
[Site "Lisburn Chess Club, United Kingdom"]
[Date "2025.08.25"]
[Round "5.1"]
[White "Tahmankar, Mandar"]
[Black "O' Cuilleanain, Oisin"]
[Result "0-1"]
[WhiteElo "2082"]
[BlackElo "2129"]
[TimeControl "90' + 30\""]
[ePGN "0.1;DGT LiveChess/2.2.7"]
[WhiteFideId "5019400"]
[BlackFideId "2514249"]

1. d4 { [%clk 01:25:19] } 1... Nf6 { [%clk 01:30:52] } 2. c4 { [%clk
01:25:18] } 2... g6 { [%clk 01:31:03] } 3. Nf3 { [%clk 01:25:04] } 3... Bg7
{ [%clk 01:31:27] } 4. g3 { [%clk 01:25:16] } 4... O-O { [%clk 01:31:44] }
5. Bg2 { [%clk 01:25:38] } 5... d6 { [%clk 01:32:06] } 6. O-O { [%clk
01:25:50] } 6... c6 { [%clk 01:32:26] } 7. b3 { [%clk 01:26:04] } 7... e5 {
[%clk 01:28:29] } 8. Bb2 { [%clk 01:24:25] } 8... e4 { [%clk 01:25:39] } {
[%emt 00:00:15] } 9. Ne1 { [%clk 01:24:31] } { [%emt 00:00:09] } 9... d5 {
[%clk 01:25:27] } { [%emt 00:00:43] } 10. f3 { [%clk 01:21:02] } { [%emt
00:04:02] } 10... Re8 { [%clk 01:23:37] } { [%emt 00:02:11] } 11. Nc3 {
[%clk 01:20:29] } { [%emt 00:02:42] } 11... exf3 { [%clk 01:21:26] } {
[%emt 00:09:34] } 12. exf3 { [%clk 01:19:19] } 12... Be6 { [%clk 01:20:50]
} 13. c5 { [%clk 01:18:26] } 13... Qc8 { [%clk 01:20:40] } 14. Rf2 { [%clk
01:17:16] } 14... Bh3 { [%clk 01:18:22] } { [%emt 00:09:36] } 15. Bh1 {
[%clk 01:17:39] } 15... h5 { [%clk 01:17:10] } 16. Ne2 { [%clk 01:16:35] }
16... Nbd7 { [%clk 01:12:32] } 17. Nf4 { [%clk 01:13:06] } { [%emt
00:03:41] } 17... Bf5 { [%clk 01:12:54] } { [%emt 00:00:47] } 18. h4 {
[%clk 01:10:15] } { [%emt 00:04:54] } 18... Nf8 { [%clk 01:10:47] } { [%emt
00:00:52] } 19. b4 { [%clk 01:04:36] } { [%emt 00:05:43] } 19... a5 { [%clk
01:09:38] } { [%emt 00:01:46] } 20. a3 { [%clk 01:04:13] } { [%emt
00:01:34] } 20... Qc7 { [%clk 01:09:55] } 21. Kh2 { [%clk 01:03:15] } {
[%emt 00:00:52] } 21... Bh6 { [%clk 01:09:42] } { [%emt 00:00:41] } 22.
Neg2 { [%clk 01:02:36] } { [%emt 00:01:10] } 22... g5 { [%clk 01:07:52] } {
[%emt 00:02:28] } 23. Nd3 { [%clk 00:58:46] } { [%emt 00:04:12] } 23... Ng6
{ [%clk 01:07:14] } { [%emt 00:01:47] } 24. Ne5 { [%clk 00:58:21] } { [%emt
00:00:17] } 24... Kh7 { [%clk 01:02:55] } { [%emt 00:15:58] } 25. Ne3 {
[%clk 00:49:07] } 25... Bc8 { [%clk 00:58:19] } { [%emt 00:03:44] } 26.
hxg5 { [%clk 00:46:42] } { [%emt 00:08:01] } 26... Bxg5 { [%clk 00:58:41] }
27. f4 { [%clk 00:46:55] } 27... Bh6 { [%clk 00:58:34] } 28. Qd3 { [%clk
00:44:28] } 28... axb4 { [%clk 00:55:33] } { [%emt 00:03:08] } 29. axb4 {
[%clk 00:44:47] } 29... Rxa1 { [%clk 00:55:30] } { [%emt 00:00:05] } 30.
Bxa1 { [%clk 00:45:15] } { [%emt 00:00:04] } 30... Kg7 { [%clk 00:53:04] }
{ [%emt 00:03:41] } 31. Qf1 { [%clk 00:21:08] } { [%emt 00:23:56] } 31...
Ne7 { [%clk 00:48:32] } { [%emt 00:07:35] } 32. Bb2 { [%clk 00:17:33] } {
[%emt 00:01:17] } 32... Nf5 { [%clk 00:48:52] } { [%emt 00:00:10] } 33.
Nxf5+ { [%clk 00:14:19] } { [%emt 00:04:14] } 33... Bxf5 { [%clk 00:49:20]
} 34. Qa1 { [%clk 00:11:37] } { [%emt 00:03:20] } 34... Ng4+ { [%clk
00:48:08] } { [%emt 00:01:24] } 35. Nxg4 { [%clk 00:10:59] } { [%emt
00:00:48] } 35... hxg4 { [%clk 00:48:35] } { [%emt 00:00:38] } 36. b5 {
[%clk 00:08:02] } { [%emt 00:02:55] } 36... Qe7 { [%clk 00:47:43] } { [%emt
00:01:21] } 37. b6 { [%clk 00:07:04] } { [%emt 00:06:07] } 37... Qe3 {
[%clk 00:47:48] } 38. Qf1 { [%clk 00:05:49] } 38... Bxf4 { [%clk 00:46:43]
} 39. gxf4 { [%clk 00:02:41] } { [%emt 00:02:44] } 39... g3+ { [%clk
00:45:50] } { [%emt 00:01:46] } 40. Kg1 { [%clk 00:02:52] } { [%emt
00:00:03] } 40... Bd3 { [%clk 00:45:41] } { [%emt 00:00:46] } 0-1

[Event "Ulster Championships 2025"]
[Site "Lisburn Chess Club, United Kingdom"]
[Date "2025.08.25"]
[Round "5.2"]
[White "Zelenchuk, Danill"]
[Black "Razbadauskas, Modestas"]
[Result "1-0"]
[WhiteElo "1957"]
[BlackElo "1734"]
[TimeControl "90' + 30\""]
[ePGN "0.1;DGT LiveChess/2.2.7"]
[WhiteFideId "2511959"]
[BlackFideId "2513358"]

1. c4 { [%clk 01:30:58] } { [%emt 00:00:22] } 1... g6 { [%clk 01:29:26] } {
[%emt 00:00:56] } 2. g3 { [%clk 01:31:22] } 2... Bg7 { [%clk 01:29:42] } {
[%emt 00:00:26] } 3. Bg2 { [%clk 01:31:47] } 3... d6 { [%clk 01:29:53] } {
[%emt 00:00:11] } 4. Nc3 { [%clk 01:32:09] } { [%emt 00:00:17] } 4... c6 {
[%clk 01:29:51] } { [%emt 00:00:23] } 5. e4 { [%clk 01:32:26] } { [%emt
00:00:13] } 5... e5 { [%clk 01:29:45] } { [%emt 00:00:35] } 6. Nge2 { [%clk
01:32:34] } { [%emt 00:00:24] } 6... Be6 { [%clk 01:29:31] } { [%emt
00:00:44] } 7. d3 { [%clk 01:32:57] } { [%emt 00:00:05] } 7... Nd7 { [%clk
01:29:37] } { [%emt 00:00:25] } 8. O-O { [%clk 01:33:15] } { [%emt
00:00:20] } 8... Ne7 { [%clk 01:29:53] } { [%emt 00:00:10] } 9. Be3 { [%clk
01:33:09] } { [%emt 00:00:33] } 9... O-O { [%clk 01:30:00] } { [%emt
00:00:20] } 10. Qd2 { [%clk 01:32:46] } { [%emt 00:00:54] } 10... f5 {
[%clk 01:29:43] } { [%emt 00:00:47] } 11. b4 { [%clk 01:31:47] } { [%emt
00:01:53] } 11... Nf6 { [%clk 01:29:05] } { [%emt 00:01:11] } 12. c5 {
[%clk 01:26:24] } { [%emt 00:05:47] } 12... d5 { [%clk 01:28:45] } { [%emt
00:00:28] } 13. Bg5 { [%clk 01:21:09] } { [%emt 00:05:50] } 13... dxe4 {
[%clk 01:27:06] } { [%emt 00:02:04] } 14. dxe4 { [%clk 01:21:04] } { [%emt
00:00:34] } 14... Qxd2 { [%clk 01:26:48] } { [%emt 00:00:48] } 15. Bxd2 {
[%clk 01:21:29] } { [%emt 00:00:15] } 15... Bc4 { [%clk 01:25:55] } { [%emt
00:01:20] } 16. f3 { [%clk 01:19:16] } { [%emt 00:02:40] } 16... h6 { [%clk
01:24:00] } { [%emt 00:02:23] } 17. h3 { [%clk 01:10:36] } { [%emt
00:09:33] } 17... Rad8 { [%clk 01:23:15] } { [%emt 00:00:55] } 18. Rfd1 {
[%clk 01:10:00] } { [%emt 00:01:16] } 18... Rd3 { [%clk 01:23:14] } { [%emt
00:00:42] } 19. Nc1 { [%clk 01:09:38] } { [%emt 00:00:28] } 19... Rd7 {
[%clk 01:22:30] } { [%emt 00:01:14] } 20. Nb3 { [%clk 01:08:45] } { [%emt
00:01:24] } 20... Rfd8 { [%clk 01:19:35] } { [%emt 00:03:26] } 21. Be1 {
[%clk 01:05:41] } { [%emt 00:03:32] } 21... Bxb3 { [%clk 01:17:47] } {
[%emt 00:02:17] } 22. axb3 { [%clk 01:06:05] } { [%emt 00:00:41] } 22...
Rxd1 { [%clk 01:17:51] } { [%emt 00:00:05] } 23. Rxd1 { [%clk 01:06:31] }
23... Rxd1 { [%clk 01:18:10] } { [%emt 00:00:04] } 24. Nxd1 { [%clk
01:06:58] } { [%emt 00:00:04] } 24... fxe4 { [%clk 01:17:09] } { [%emt
00:01:30] } 25. fxe4 { [%clk 01:07:13] } { [%emt 00:00:14] } 25... g5 {
[%clk 01:17:09] } { [%emt 00:00:29] } 26. Ne3 { [%clk 00:57:54] } { [%emt
00:09:53] } 26... Kf7 { [%clk 01:16:40] } { [%emt 00:01:18] } 27. Nc4 {
[%clk 00:56:56] } { [%emt 00:01:31] } 27... Ne8 { [%clk 01:16:32] } { [%emt
00:00:17] } 28. Bf2 { [%clk 00:55:29] } { [%emt 00:02:30] } 28... Ke6 {
[%clk 01:13:25] } { [%emt 00:03:14] } 29. Na5 { [%clk 00:45:46] } { [%emt
00:52:33] } 29... b6 { [%clk 01:12:19] } 30. cxb6 { [%clk 00:46:10] } 30...
axb6 { [%clk 01:12:39] } 31. Bxb6 { [%clk 00:46:37] } 31... Bf8 { [%clk
01:12:28] } 32. Bc5 { [%clk 00:45:37] } 32... Kd7 { [%clk 01:12:19] } 33.
Nc4 { [%clk 00:42:57] } { [%emt 00:00:04] } 33... Ke6 { [%clk 01:12:05] }
34. Bf3 { [%clk 00:42:56] } 34... Nf6 { [%clk 01:11:43] } 35. Na3 { [%clk
00:30:08] } 35... Ng6 { [%clk 01:11:32] } 36. Bxf8 { [%clk 00:24:46] }
36... Nxf8 { [%clk 01:11:53] } 37. b5 { [%clk 00:25:14] } { [%emt 00:00:04]
} 37... c5 { [%clk 01:11:37] } 38. Kf2 { [%clk 00:24:58] } 38... h5 { [%clk
01:11:32] } 39. Ke3 { [%clk 00:24:19] } 39... h4 { [%clk 01:11:34] } 40.
gxh4 { [%clk 00:24:10] } 40... gxh4 { [%clk 01:11:57] } 41. b6 { [%clk
00:23:58] } 41... Kd7 { [%clk 01:11:29] } 42. Nc4 { [%clk 00:23:07] } 42...
Ng6 { [%clk 01:09:31] } 43. Bg4+ { [%clk 00:20:49] } { [%emt 00:00:25] }
43... Nxg4+ { [%clk 01:08:03] } { [%emt 01:08:54] } 44. hxg4 { [%clk
00:21:14] } 44... Kc6 { [%clk 01:07:13] } 45. Kf3 { [%clk 00:21:20] } 45...
Kb7 { [%clk 01:05:13] } 46. g5 { [%clk 00:21:41] } 46... Kc6 { [%clk
01:05:04] } 47. Kg4 { [%clk 00:22:02] } 47... Kb7 { [%clk 01:04:55] } {
[%emt 00:00:05] } 48. Nd6+ { [%clk 00:21:06] } 48... Kxb6 { [%clk 01:05:07]
} 49. Nf5 { [%clk 00:21:32] } 49... h3 { [%clk 01:03:46] } 50. Kxh3 { [%clk
00:21:57] } 50... Kb5 { [%clk 01:03:48] } 51. Nh4 { [%clk 00:19:34] } 51...
Ne7 { [%clk 01:03:24] } 52. g6 { [%clk 00:13:20] } { [%emt 00:00:05] }
52... Kb4 { [%clk 01:03:26] } 53. g7 { [%clk 00:13:41] } 53... Kxb3 { [%clk
01:03:17] } 54. Ng6 { [%clk 00:12:43] } 54... Ng8 { [%clk 01:03:19] } 55.
Kg4 { [%clk 00:09:41] } 55... c4 { [%clk 01:02:16] } 56. Kf5 { [%clk
00:09:22] } { [%emt 00:00:04] } 56... c3 { [%clk 01:01:49] } 57. Nxe5 {
[%clk 00:09:48] } 57... c2 { [%clk 01:01:55] } 58. Nd3 { [%clk 00:10:15] }
58... Kc3 { [%clk 01:02:01] } 59. Nc1 { [%clk 00:10:40] } 59... Kc4 { [%clk
00:58:35] } 60. Ke6 { [%clk 00:10:07] } 60... Kd4 { [%clk 00:58:31] } {
[%emt 00:00:04] } 61. e5 { [%clk 00:09:43] } 61... Ke4 { [%clk 00:57:30] }
62. Kf7 { [%clk 00:06:27] } 62... Nh6+ { [%clk 00:57:43] } 63. Kg6 { [%clk
00:06:48] } 63... Ng8 { [%clk 00:58:03] } 64. e6 { [%clk 00:07:12] } 64...
Ke5 { [%clk 00:57:58] } 65. Kf7 { [%clk 00:06:33] } { [%emt 00:00:04] }
65... Nh6+ { [%clk 00:58:13] } 66. Ke7 { [%clk 00:06:06] } 66... Ng8+ {
[%clk 00:57:45] } 67. Kf8 { [%clk 00:06:08] } 1-0